000 00819nam a2200229Ii 4500
003 JO-AjNU
008 230605s9999||||xx |||||||||||||| ||und||
017 _a2006/8/2250
020 _a9957-16-286-1
040 _aJO-AjNU
_bara
_erda
_cJO-AjNU
041 _aara
050 1 4 _aK5165.N2487.2010
100 3 _a نمور، محمد سعيد,
_eauthor
_926758
245 0 0 _aشرح قانون العقوبات القسم الخاص : الجزء الثاني ، الجرائم الواقعة على الأموال
250 _aط1
264 3 1 _aعمان : دار الثقافة ، 2010
300 _aج2، 413ص
336 _atext
_btxt
_2rdacontent
337 _aunmediated
_bn
_2rdamedia
338 _avolume
_bnc
_2rdacarrier
650 4 _aالعقوبات -- القانون الجنائي -- الأردن
_926759
999 _aA10177
_c13745
_d13745